Time to seize opportunity through an understanding of e-waste management systems (Record no. 522798)

000 -LEADER
fixed length control field 00429nam a22001337a 4500
008 - FIXED-LENGTH DATA ELEMENTS--GENERAL INFORMATION
fixed length control field 230605b ||||| |||| 00| 0 eng d
100 ## - MAIN ENTRY--PERSONAL NAME
Personal name Agarwal, Raveesh and Mahaur, Deepak
245 ## - TITLE STATEMENT
Title Time to seize opportunity through an understanding of e-waste management systems
260 ## - PUBLICATION, DISTRIBUTION, ETC. (IMPRINT)
Place of publication, distribution, etc Productivity
300 ## - PHYSICAL DESCRIPTION
Extent 63(3), Oct-Dec, 2022: p.260-270
773 ## - HOST ITEM ENTRY
Main entry heading Productivity
906 ## - LOCAL DATA ELEMENT F, LDF (RLIN)
Subject DIP WASTE MANAGEMENT
942 ## - ADDED ENTRY ELEMENTS (KOHA)
Item type Articles
Holdings
Withdrawn status Lost status Source of classification or shelving scheme Damaged status Not for loan Permanent location Current location Date acquired Serial Enumeration / chronology Barcode Date last seen Koha item type
          Indian Institute of Public Administration Indian Institute of Public Administration 2023-06-05 63(3), Oct-Dec, 2022: p.260-270 AR128854 2023-06-05 Articles

Powered by Koha